[Event "Pedavena op 1st"]
[Site "Pedavena"]
[Date "2005.08.05"]
[Round "5"]
[White "Torri, Graziano"]
[Black "Pegoraro, Nicola"]
[Result "0-1"]
[WhiteElo "1865"]
[BlackElo "2085"]
[PlyCount "76"]
[EventDate "2005.08.03"]
[EventType "swiss"]
[EventRounds "6"]
[EventCountry "ITA"]
[SourceTitle "EXT 2007"]
[Source "ChessBase"]
[SourceDate "2006.11.23"]
[SourceVersion "1"]
[SourceVersionDate "2006.11.23"]
[SourceQuality "1"]

1. e4 c5 2. Nf3 d6 3. d4 cxd4 4. Nxd4 Nf6 5. Nc3 a6 6. Bc4 e6 7. Bb3 Nbd7 8. Be3 Nc5 9. f3 Be7 10. Qd2 Qc7 11. 0-0 b5 12. a3 Nxb3 13. Nxb3 0-0 14. Rfd1 Bb7 15. Qf2 Nd7 16. Rd2 Bc6 17. Nd4 Ne5 18. b3 Bb7 19. Nde2 Rac8 20. Kh1 Qb8 21. Bd4 Rc6 22. f4 Ng6 23. Rd3 Bh4 24. Qf3 f5 25. Qh5 fxe4 26. Nxe4 Rf5 27. Ng5 Bxg5 28. fxg5 Rxc2 29. Rh3 Nf8 30. Qg4 Qe8 31. Rg3 Qf7 32. Rg1 e5 33. Be3 d5 34. Rd1 Rf1+ 35. Ng1 d4 36. Bd2 Qf2 37. Rxf1 Qxf1 38. Bb4 Rc1 0-1

[Event "Veneto-chT C 23rd"]
[Site "Venice Sanudo"]
[Date "1994.12.08"]
[Round "1.2"]
[White "Punteri, Marco"]
[Black "Torri, Graziano"]
[Result "1-0"]
[WhiteElo "1702"]
[BlackElo "1705"]
[PlyCount "57"]
[EventDate "1994.12.08"]
[EventType "team-swiss"]
[EventRounds "4"]
[EventCountry "ITA"]
[SourceTitle "EXT 2022"]
[Source "ChessBase"]
[SourceDate "2021.10.06"]
[SourceVersion "1"]
[SourceVersionDate "2021.10.06"]
[SourceQuality "1"]
[WhiteTeam "Venezia Salvioli A "]
[BlackTeam "Belluno Il Pedone"]
[WhiteTeamCountry "ITA"]
[BlackTeamCountry "ITA"]

1. d4 Nf6 2. c4 c5 3. d5 b5 4. cxb5 a6 5. Nc3 g6 6. e4 d6 7. f4 Nbd7 8. Nf3 Bg7 9. Bd3 0-0 10. 0-0 Qc7 11. Qe2 Nb6 12. a4 c4 13. Bb1 axb5 14. Nxb5 Qc5+ 15. Be3 Qb4 16. Bxb6 Ba6 17. Nfd4 Bxb5 18. Nc2 Qxb2 19. Bd4 c3 20. Qxb5 Rfb8 21. Qd3 Rc8 22. Ra2 Qb3 23. Ra3 Qc4 24. Qe3 Ng4 25. Qxc3 Qe2 26. Qd3 Bxd4+ 27. Nxd4 Qxd3 28. Bxd3 Nf6 29. Nc6 1-0